Hviezdoslavove [pseud.] sobrané spisy básnické. (Record no. 21376)
[ view plain ]
| 000 -LEADER | |
|---|---|
| fixed length control field | 00657nam a22002051 4500 |
| 001 - CONTROL NUMBER | |
| control field | 21376 |
| 003 - CONTROL NUMBER IDENTIFIER | |
| control field | CZ PrNK |
| 005 - DATE AND TIME OF LATEST TRANSACTION | |
| control field | 20260228113805.0 |
| 008 - FIXED-LENGTH DATA ELEMENTS--GENERAL INFORMATION | |
| fixed length control field | 020221s1941 xo slo |
| 040 ## - CATALOGING SOURCE | |
| Original cataloging agency | ABA001 |
| Language of cataloging | cze |
| Transcribing agency | ABA001 |
| Modifying agency | ABA001 |
| 100 1# - MAIN ENTRY--PERSONAL NAME | |
| Personal name | Hviezdoslav, Pavol Országh, |
| Dates associated with a name | 1849-1921 |
| Relationship | aut |
| 245 10 - TITLE STATEMENT | |
| Title | Hviezdoslavove [pseud.] sobrané spisy básnické. |
| Number of part/section of a work | Sväzok lX, |
| Name of part/section of a work | Lyra |
| 246 30 - VARYING FORM OF TITLE | |
| Title proper/short title | Lyra |
| 250 ## - EDITION STATEMENT | |
| Edition statement | Druhé vydanie |
| 260 ## - PUBLICATION, DISTRIBUTION, ETC. | |
| Place of publication, distribution, etc. | V Turčianskom Sv. Martine : |
| Name of publisher, distributor, etc. | Matica slovenská, |
| Date of publication, distribution, etc. | 1941 |
| Manufacturer | (Kníhtlačiarsky úč. spolok) |
| 300 ## - PHYSICAL DESCRIPTION | |
| Extent | 212 -[l] s. ; |
| Dimensions | 8° |
| 500 ## - GENERAL NOTE | |
| General note | Vl. jm. autora: Országh, Pavol |
| 910 ## - USER-OPTION DATA (OCLC) | |
| User-option data | ABA001 |
| 942 ## - ADDED ENTRY ELEMENTS (KOHA) | |
| Source of classification or shelving scheme | Dewey Decimal Classification |
| Koha item type | Krásna literatúra pre dospelých |
| Suppress in OPAC | No |
| Stav vyradenia | Strata | Poškodenie | Spôsob nadobudnutia | Domovská knižnica | Aktuálna knižnica | Dátum nadobudnutia | Total checkouts | Čiarový kód exemplára | Date last seen | Typ exemplára | Verejná poznámka |
|---|---|---|---|---|---|---|---|---|---|---|---|
| Dar | Obecná knižnica Horná Štubňa | Obecná knižnica Horná Štubňa | 28.02.2026 | 4736201552 | 28.02.2026 | Krásna literatúra pre dospelých | Zväzok IX. Lýra |
